Performance management : PH series in human resources management

Bibliographic Details
Main Authors: Das, Hari (Author), Templer, Andrew (Author)
Format: Book
Language:English
Published: Toronto : Prentice Hall 2003
Subjects:

MARC

LEADER 00000cam a2200000 7i4500
001 0000012686
005 20241021.0
008 030915 at a eng
020 |a 0130413798 
040 |a INS   |b eng   |e rda 
090 0 0 |a HF5549.5.P35   |b .D38 2003 
100 1 |a Das, Hari ,   |e author 
245 1 0 |a Performance management :   |b PH series in human resources management   |c Hari Das, Andrew Templer 
264 1 |a Toronto :   |b Prentice Hall   |c 2003 
300 |a xxv, 310 pages :   |b illustrations ;   |c 28 cm. 
336 |a text  |2 rdacontent 
337 |a unmediated  |2 rdamedia 
338 |a volume  |2 rdacarrier 
500 |a Includes index 
650 0 |a Employees   |x Rating of 
650 0 |a Performance   |x Management 
700 1 |a Templer, Andrew ,   |e author 
999 |a 0000013388   |b BOOK   |c Open Shelf   |e Default branch 
999 |a 0000013389   |b BOOK   |c Open Shelf   |e Default branch